Wren & Martin Key to High School English; (Record no. 207770)

MARC details
000 -LEADER
fixed length control field 00572nam a22001937a 4500
005 - DATE AND TIME OF LATEST TRANSACTION
control field 20241217155332.0
010 ## - LCCN (DPL NO)
LC control number B-761472
020 ## - INTERNATIONAL STANDARD BOOK NUMBER
International Standard Book Number 9789358704648
Terms of availability 425.00
035 ## - SYSTEM CONTROL NUMBER
System control number B-761472
037 ## - SOURCE OF ACQUISITION
Source of stock number/acquisition Gift
082 ## - DEWEY DECIMAL CLASSIFICATION NUMBER
Classification number 485
100 ## - MAIN ENTRY--PERSONAL NAME
Personal name Wren, P.C.
245 ## - TITLE STATEMENT
Title Wren & Martin Key to High School English;
Remainder of title Grammar & Composition/
Statement of responsibility, etc P.C. Wren and H. Martin
260 ## - PUBLICATION, DISTRIBUTION, ETC. (IMPRINT)
Name of publisher, distributor, etc S. Chand
Date of publication, distribution, etc 2021
300 ## - PHYSICAL DESCRIPTION
Extent 136p.
Dimensions 26cm(pb)
700 ## - ADDED ENTRY--PERSONAL NAME
Personal name Martin, H.
9 (RLIN) 75291
942 ## - ADDED ENTRY ELEMENTS (KOHA)
Source of classification or shelving scheme Dewey Decimal Classification
Item type Children Books
Call number suffix WRE
Classification part 485
Holdings
Withdrawn status Lost status Not for loan Collection code Home library Current library Date acquired Source of acquisition Cost, normal purchase price Full call number Barcode Copy number Cost, replacement price Koha item type Public note
      Non-fiction Central Library Central Library 17/12/2024 Gift/9.12.24 425.00 WRE 485 B-761472 1 425.00 Children Books Gift

© Delhi Public Library
Hit Counter
free hit counter